|
|
|
|
| LEADER |
00000nam0a2200000 4500 |
| 001 |
183550 |
| 005 |
20231101223750.0 |
| 010 |
|
|
|a 9785358027008
|
| 035 |
|
|
|a (RuTPU)RU\TPU\book\198967
|
| 035 |
|
|
|a RU\TPU\book\27848
|
| 090 |
|
|
|a 183550
|
| 100 |
|
|
|a 20100811d2007 m y0rusy50 ba
|
| 101 |
0 |
|
|a eng
|a rus
|
| 102 |
|
|
|a RU
|
| 105 |
|
|
|a y j 001zy
|
| 200 |
1 |
|
|a Лексикология английского языка
|e учебное пособие для вузов
|f Г. Б. Антрушина, О. В. Афанасьева, Н. Н. Морозова
|
| 205 |
|
|
|a 7-е изд., стер.
|
| 210 |
|
|
|a Москва
|c Дрофа
|d 2007
|
| 215 |
|
|
|a 288 с.
|
| 225 |
1 |
|
|a Высшее педагогическое образование
|
| 320 |
|
|
|a Библиогр.: с. 283-287.
|
| 330 |
|
|
|a Учебное пособие включает разделы: предмет и задачи курса, этимологический состав и стилевые слои словарного состава английского языка, словообразование, семантология, фразеология, синонимия и антонимия современного английского языка. Теоретический материал тесно увязан с материалом для практической самостоятельной работы и для работы на семинарах, а также с текстами и упражнениями для лексического анализа.
|
| 510 |
1 |
|
|a English Lexicology
|
| 606 |
1 |
|
|a Английский язык
|x Учебные руководства и пособия для высшей школы. Лексикология
|2 stltpush
|3 (RuTPU)RU\TPU\subj\68547
|9 83777
|
| 610 |
1 |
|
|a учебные пособия
|
| 610 |
1 |
|
|a лексика
|
| 610 |
1 |
|
|a словарный состав языка
|
| 610 |
1 |
|
|a стилевые слои
|
| 610 |
1 |
|
|a словообразование
|
| 610 |
1 |
|
|a семантология
|
| 610 |
1 |
|
|a фразеология
|
| 610 |
1 |
|
|a синомия
|
| 610 |
1 |
|
|a антонимия
|
| 686 |
|
|
|a Ш143.21-923.3
|v LBC/SL-A
|2 rubbk
|
| 700 |
|
1 |
|a Антрушина
|b Г. Б.
|g Галина Борисовна
|
| 701 |
|
1 |
|a Афанасьева
|b О. В.
|g Ольга Васильевна
|
| 701 |
|
1 |
|a Морозова
|b Н. Н.
|g Наталья Николаевна
|
| 801 |
|
0 |
|a RU
|b 63413507
|c 20011209
|g PSBO
|
| 801 |
|
2 |
|a RU
|b 63413507
|c 20201118
|g PSBO
|
| 942 |
|
|
|c BK
|